[Event "Roncana op-B 12th"]
[Site "Santa Eulalia de Roncana"]
[Date "2018.09.29"]
[Round "1"]
[White "Lazaro Valls, Xavier"]
[Black "Collazo Casals, Marc"]
[Result "1/2-1/2"]
[WhiteElo "1546"]
[BlackElo "1340"]
[PlyCount "50"]
[EventDate "2018.09.29"]
[EventType "swiss"]
[EventRounds "8"]
[EventCountry "ESP"]
[SourceTitle "EXT 2020"]
[Source "ChessBase"]
[SourceDate "2019.10.17"]
[SourceVersion "1"]
[SourceVersionDate "2019.10.17"]
[SourceQuality "1"]

1. e4 e6 2. Nf3 d5 3. exd5 exd5 4. d4 Bd6 5. Nc3 Nf6 6. Be2 0-0 7. 0-0 Be6 8. Bg5 c5 9. Nb5 a6 10. Nxd6 Qxd6 11. Be3 c4 12. Ne5 Nbd7 13. Bf4 h6 14. Qc1 Qb6 15. c3 Nxe5 16. Bxe5 Nd7 17. f4 f6 18. f5 fxe5 19. fxe6 Qxe6 20. Qe3 Rf6 21. Rxf6 Nxf6 22. Qxe5 Qxe5 23. dxe5 Re8 24. Bxc4 Rxe5 25. Bd3 b5 1/2-1/2

[Event "Llinars del Valles op-B 12th"]
[Site "Llinars del Valles"]
[Date "2018.06.02"]
[Round "7.20"]
[White "Collazo Casals, Marc"]
[Black "Lazaro Valls, Xavier"]
[Result "1/2-1/2"]
[WhiteElo "1334"]
[BlackElo "1505"]
[PlyCount "96"]
[EventDate "2018.04.14"]
[EventType "swiss"]
[EventRounds "8"]
[EventCountry "ESP"]
[SourceTitle "CBM 184 Extra"]
[Source "ChessBase"]
[SourceDate "2018.06.28"]
[SourceVersion "1"]
[SourceVersionDate "2018.06.28"]
[SourceQuality "1"]

1. e4 c5 2. Nc3 Nc6 3. f4 d6 4. Bc4 Nf6 5. d3 g6 6. Nf3 Bg7 7. 0-0 0-0 8. Bb3 Bg4 9. Be3 Nh5 10. Qd2 Be6 11. d4 cxd4 12. Bxd4 Bxb3 13. axb3 Nxd4 14. Nxd4 Qb6 15. Rad1 e5 16. fxe5 dxe5 17. Nd5 Qxd4+ 18. Qxd4 exd4 19. g4 d3 20. Rxd3 Bxb2 21. gxh5 gxh5 22. Rh3 h6 23. Kh1 Rae8 24. Rxh5 Rxe4 25. Rxh6 Kg7 26. Rh3 Rg4 27. c3 Rd8 28. Rf5 Bc1 29. Rhf3 Rd7 30. h3 Rg5 31. Rxg5+ Bxg5 32. c4 b5 33. Rg3 Kh6 34. Kg2 Bd8 35. Kf3 a5 36. Ke4 a4 37. cxb5 a3 38. Rg2 Ra7 39. Ra2 Kg5 40. b6 Rb7 41. Rxa3 Bxb6 42. Nxb6 Rxb6 43. Kd4 f5 44. Kc4 Rc6+ 45. Kd5 Rc3 46. Ra8 Rxb3 47. Rg8+ Kh4 48. Rh8+ Kg3 1/2-1/2

[Event "Llinars del Valles op-B 12th"]
[Site "Llinars del Valles"]
[Date "2018.05.19"]
[Round "5.37"]
[White "Collazo Casals, Marc"]
[Black "Ponsa Alcubierre, Gemma"]
[Result "1-0"]
[WhiteElo "1334"]
[BlackElo "1077"]
[PlyCount "77"]
[EventDate "2018.04.14"]
[EventType "swiss"]
[EventRounds "8"]
[EventCountry "ESP"]
[SourceTitle "CBM 184 Extra"]
[Source "ChessBase"]
[SourceDate "2018.06.28"]
[SourceVersion "1"]
[SourceVersionDate "2018.06.28"]
[SourceQuality "1"]

1. e4 d5 2. exd5 Qxd5 3. Nc3 Qa5 4. d4 Bf5 5. Bd2 c6 6. Nf3 h6 7. Be2 Nf6 8. 0-0 Nbd7 9. Re1 e6 10. a3 Qc7 11. Bc4 Be7 12. Re2 0-0 13. Rc1 Rfe8 14. Qe1 Bd6 15. Ne5 Nd5 16. Bxd5 cxd5 17. Nb5 Qb6 18. Nxd6 Qxd6 19. c4 Nxe5 20. dxe5 Qc5 21. cxd5 Qxd5 22. Bf4 Bd3 23. Rd2 Rac8 24. Rc3 Rxc3 25. bxc3 Qc4 26. Qe3 Rd8 27. Qg3 Qxc3 28. h3 g6 29. Bxh6 Rd5 30. Qf3 Qa1+ 31. Kh2 Qxe5+ 32. g3 Be4 33. Rxd5 Bxd5 34. Qe3 Qa1 35. Qc1 Qa2 36. Be3 Qe2 37. Bd4 Qf3 38. Qc8+ Kh7 39. Qh8# 1-0

[Event "Roncana op-C 10th"]
[Site "Santa Eulalia de Roncana"]
[Date "2016.11.05"]
[Round "6"]
[White "Collazo Casals, Marc"]
[Black "Pinyol I Llora, Julia"]
[Result "1-0"]
[WhiteElo "1297"]
[BlackElo "1337"]
[PlyCount "47"]
[EventDate "2016.09.24"]
[EventType "swiss"]
[EventRounds "8"]
[EventCountry "ESP"]
[SourceTitle "EXT 2022"]
[Source "ChessBase"]
[SourceDate "2021.10.06"]
[SourceVersion "1"]
[SourceVersionDate "2021.10.06"]
[SourceQuality "1"]

1. e4 e5 2. d4 exd4 3. c3 Nf6 4. Qf3 Qe7 5. Bd3 Nc6 6. Ne2 Qc5 7. b4 Qe5 8. Bf4 Qh5 9. Qxh5 Nxh5 10. b5 Nxf4 11. Nxf4 Ne5 12. cxd4 Nxd3+ 13. Nxd3 Be7 14. 0-0 0-0 15. Nd2 c6 16. bxc6 dxc6 17. Nc4 Rd8 18. Ne3 Rxd4 19. Nf5 Bxf5 20. Rad1 Bg4 21. f3 Bc8 22. Rfe1 Bb4 23. Nxb4 Rxb4 24. Rd8# 1-0